Statistics for La Liga Top Goalscorer since 2000

Click here to take the quiz!

General Stats

  • This quiz has been taken 50 times
  • The average score is 8 of 12

Answer Stats

Answer % Correct
Lionel Messi
98%
Cristiano Ronaldo
98%
Ronaldo
98%
Luis Suarez
96%
Raul
89%
Samuel Eto'o
78%
Diego Forlan
76%
Ruud Van Nistelrooy
53%
Roy Makaay
44%
Daniel G├╝iza
33%
Diego Tristan
31%
Salva Ballesta
11%

Score Distribution

Percentile by Number Answered

Percent of People with Each Score

Your Score History

You have not taken this quiz